| 000 | 01102 a2200217 4500 | ||
|---|---|---|---|
| 003 | NUST | ||
| 005 | 20221214142030.0 | ||
| 010 | _a 73014185 | ||
| 020 | _a0405055293 | ||
| 040 | _cNust | ||
| 082 | 0 | 0 | _a306.7,WAL |
| 100 | 1 |
_a Walker, Kenneth _9104841 |
|
| 245 | 1 | 0 |
_aSex and society : _ba psychological study of sexual behaviour in competitive culture / _cKenneth Walker, Peter Fletcher |
| 260 |
_aNew York, _bArno Press _c1955 |
||
| 300 |
_avii, 236 p.; _c21 cm. |
||
| 440 | 0 |
_aPerspectives in social inquiry _9104842 |
|
| 505 | _aLife, Growth and Evolution (Page-1), Love and the Sexual Difference (Page-13), Sex in Infancy (Page-33), Sex and the Springs of Action (Page-46), The Sexual Difficulties of Youth (Page-60), Sex at Puberty and After (Page-74), Sexual Morality Before Marriage (Page-89), Sex In Marriage (Page-105), Introduction to Neurosis (Page-123), Functional Impotence (Page-146), The Homosexual (Page-166), Transvestism and Sado-Masochism (Page-193), sex and Society(Page-211). | ||
| 650 | 0 | _aSex. | |
| 650 | 0 |
_aWomen _xSocial conditions. _936422 |
|
| 942 |
_2ddc _cBK _k306.7,WAL |
||
| 999 |
_c184679 _d184679 |
||